<?xml version="1.0" encoding="UTF-8"?>
<record
    xmlns:xsi="http://www.w3.org/2001/XMLSchema-instance"
    xsi:schemaLocation="http://www.loc.gov/MARC21/slim http://www.loc.gov/standards/marcxml/schema/MARC21slim.xsd"
    xmlns="http://www.loc.gov/MARC21/slim">

  <leader>00329nam a22001217a 4500</leader>
  <controlfield tag="008">240806b        |||||||| |||| 00| 0 eng d</controlfield>
  <datafield tag="082" ind1=" " ind2=" ">
    <subfield code="a">158.3 ITTF</subfield>
  </datafield>
  <datafield tag="100" ind1=" " ind2=" ">
    <subfield code="a">ITTF</subfield>
  </datafield>
  <datafield tag="245" ind1=" " ind2=" ">
    <subfield code="a">ITTF-IPTTC, Level Coaching Manual</subfield>
  </datafield>
  <datafield tag="260" ind1=" " ind2=" ">
    <subfield code="a">USA</subfield>
    <subfield code="b">Newgy Industries</subfield>
  </datafield>
  <datafield tag="300" ind1=" " ind2=" ">
    <subfield code="a">110p.</subfield>
    <subfield code="c">16cm.</subfield>
  </datafield>
  <datafield tag="942" ind1=" " ind2=" ">
    <subfield code="2">ddc</subfield>
    <subfield code="h">158.3 ITTF</subfield>
    <subfield code="6">158_300000000000000_ITTF</subfield>
  </datafield>
  <datafield tag="999" ind1=" " ind2=" ">
    <subfield code="c">9945</subfield>
    <subfield code="d">9946</subfield>
  </datafield>
  <datafield tag="952" ind1=" " ind2=" ">
    <subfield code="0">0</subfield>
    <subfield code="1">0</subfield>
    <subfield code="2">ddc</subfield>
    <subfield code="4">0</subfield>
    <subfield code="7">0</subfield>
    <subfield code="8">MAIN</subfield>
    <subfield code="a">RTCLIB</subfield>
    <subfield code="b">RTCLIB</subfield>
    <subfield code="c">MAIN</subfield>
    <subfield code="d">2024-08-06</subfield>
    <subfield code="h">18589</subfield>
    <subfield code="o">158.3 FTTF C.1</subfield>
    <subfield code="p">30019652</subfield>
    <subfield code="r">2024-08-06 00:00:00</subfield>
    <subfield code="w">2024-08-06</subfield>
    <subfield code="y">MAIN</subfield>
    <subfield code="z">Gift from Drala Sir, BSH Faculty</subfield>
  </datafield>
  <datafield tag="952" ind1=" " ind2=" ">
    <subfield code="0">0</subfield>
    <subfield code="1">0</subfield>
    <subfield code="2">ddc</subfield>
    <subfield code="4">0</subfield>
    <subfield code="7">0</subfield>
    <subfield code="8">MAIN</subfield>
    <subfield code="a">RTCLIB</subfield>
    <subfield code="b">RTCLIB</subfield>
    <subfield code="c">MAIN</subfield>
    <subfield code="d">2024-08-06</subfield>
    <subfield code="h">18606</subfield>
    <subfield code="l">0</subfield>
    <subfield code="o">158.3 FTTF C.2</subfield>
    <subfield code="p">30019684</subfield>
    <subfield code="r">2024-08-07 00:00:00</subfield>
    <subfield code="w">2024-08-06</subfield>
    <subfield code="y">MAIN</subfield>
    <subfield code="z">Gift from Drala Sir, BSH Faculty</subfield>
  </datafield>
</record>
